| 000 | 00508nam a2200193Ia 4500 | ||
|---|---|---|---|
| 005 | 20250508160952.0 | ||
| 008 | 008 250505s9999 xx 000 0 hin d | ||
| 037 | _aTextual | ||
| 040 |
_aFEDL _beng _cFEDL |
||
| 041 |
_ahin _2eng |
||
| 084 |
_a301, SIN _qFEDL |
||
| 100 |
_aR. A. P. Shingh _9769889 |
||
| 245 | 0 | _aSamajik manav - shastra | |
| 260 |
_aDelhi, India _bSocial Sciences |
||
| 300 | _aii,164p. | ||
| 650 | _aSociology | ||
| 942 |
_cTEXL _h301, SIN |
||
| 999 |
_c1367674 _d1367674 |
||